书目信息 |
| 题名: |
中小学教育评估
|
|
| 作者: | 季明明 主编 | |
| 分册: | ||
| 出版信息: | 北京 北京师范大学出版社 1997 |
|
| 页数: | 319页 | |
| 开本: | 20cm | |
| 丛书名: | ||
| 单 册: | ||
| 中图分类: | G449.7 , G464 | |
| 科图分类: | ||
| 主题词: | 教育评估--中学 , 教育评估 | |
| 电子资源: | ||
| ISBN: | 7-303-04260-1 | |
| 000 | 00684nam0 2200241 450 | |
| 001 | 1538304237 | |
| 005 | 20150203103903.76 | |
| 010 | @a7-303-04260-1@dCNY9.90 | |
| 100 | @a19971118d1997 emky0chiy0110 ea | |
| 101 | 0 | @achi |
| 102 | @aCN@b110000 | |
| 105 | @ay z 000yy | |
| 200 | 1 | @a中小学教育评估@9zhong xiao xue jiao yu ping gu@f季明明主编 |
| 210 | @a北京@c北京师范大学出版社@d1997 | |
| 215 | @a319页@d20cm | |
| 300 | @a全国中小学校长提高培训教材 国家教育委员会人事司组编 | |
| 606 | 0 | @a教育评估@x中学 |
| 606 | 0 | @a教育评估 |
| 690 | @aG449.7@v5 | |
| 690 | @aG464@v5 | |
| 701 | 0 | @a季明明@9ji ming ming@4主编 |
| 801 | 0 | @aCN@bTSSF@c20150203 |
| 905 | @aZUCC@dG449.7@eJY2 | |
| 中小学教育评估/季明明主编.-北京:北京师范大学出版社,1997 |
| 319页;20cm |
| 全国中小学校长提高培训教材 国家教育委员会人事司组编 |
| ISBN 7-303-04260-1:CNY9.90 |
| ● |
| 相关链接 |
|
|
|
|
正题名:中小学教育评估
索取号:G449.7/JY2
 
预约/预借
| 序号 | 登录号 | 条形码 | 馆藏地/架位号 | 状态 | 备注 |
| 1 | 7865479 | 278654797 | 学院路分馆/ [索取号:G449.7/JY2] | 在馆 |